La filosofía medieval
Uloženo v:
| Hlavní autor: | |
|---|---|
| Další autoři: | |
| Médium: | Neznámo |
| Jazyk: | angličtina |
| Vydáno: |
Valencia, España.
Publicacions de la Universitat de València,
2006
|
| Témata: | |
| Tagy: |
Přidat tag
Žádné tagy, Buďte první, kdo vytvoří štítek k tomuto záznamu!
|
MARC
| LEADER | 00000 a2200000 4500 | ||
|---|---|---|---|
| 003 | CL-VaPUC | ||
| 005 | 20211228163747.0 | ||
| 008 | 210422b ||||| |||| 00| 0 eng d | ||
| 020 | |a 978-8437065595 | ||
| 040 | |c Pontificia Universidad Católica de Valparaíso | ||
| 082 | |a 189 LIB 2006 | ||
| 100 | 1 | |a Libera, Alain de |9 859166 | |
| 245 | |a La filosofía medieval | ||
| 260 | |a Valencia, España. |b Publicacions de la Universitat de València, |c 2006 | ||
| 300 | |a 458 páginas | ||
| 546 | |a En catalán | ||
| 583 | |k Cristina Rojas |c 20210422 | ||
| 650 | 0 | |a Filosofía medieval |9 256245 |x Historia | |
| 700 | |a Calaforra, Guillem |e traductor |9 861154 | ||
| 942 | |2 ddc |c BK | ||
| 999 | |c 432474 |d 432472 | ||
| 952 | |0 0 |1 0 |2 ddc |4 0 |6 189_000000000000000_LIB_2006 |7 0 |8 A |9 577969 |a BIBEDU |b BIBEDU |d 2021-06-02 |e 3 |g 25574.00 |i 5583950 |o 189 LIB 2006 |p 5583950 |r 2021-06-02 |t 1 |v 25574.00 |w 2021-06-02 |y BK |k FIL | ||
| 952 | |0 0 |1 0 |2 ddc |4 0 |6 189_000000000000000_LIB_2006 |7 0 |8 A |9 579914 |a BIBEDU |b BIBEDU |c GEN |d 2021-12-28 |e 74 |g 37370.00 |i 5631831 |o 189 LIB 2006 |p 5631831 |r 2021-12-28 |t 2 |v 37370.00 |w 2021-12-28 |y BK |k FIL | ||